PRACTICL APPLICATION IN HISTOPATHOLOGY, CYTOPATHOLOGY (Record no. 18228)

MARC details
000 -LEADER
fixed length control field 00344nam a22001457a 4500
003 - CONTROL NUMBER IDENTIFIER
control field SGT
020 ## - INTERNATIONAL STANDARD BOOK NUMBER
International Standard Book Number 978-81-932450-2-6
082 ## - DEWEY DECIMAL CLASSIFICATION NUMBER
Classification number 616.07
Item number P16G
100 ## - MAIN ENTRY--PERSONAL NAME
Personal name GUPTA, LIMCI
245 ## - TITLE STATEMENT
Title PRACTICL APPLICATION IN HISTOPATHOLOGY, CYTOPATHOLOGY
250 ## - EDITION STATEMENT
Edition statement 1ST
260 ## - PUBLICATION, DISTRIBUTION, ETC. (IMPRINT)
Place of publication, distribution, etc INDIA
Name of publisher, distributor, etc INNOVATIVE PUB.
Year of Publication 2016
300 ## - PAGE DESCRIPTION
No. of Pages 273
942 ## - ADDED ENTRY ELEMENTS (KOHA)
Source of classification or shelving scheme Dewey Decimal Classification
Koha item type Books
Holdings
Withdrawn status Lost status Source of classification or shelving scheme Damaged status Not for loan Collection code Home library Current library Shelving location Date acquired SGTU Total Checkouts Full call number Accession No. (Barcode) Date last seen Bill Date Koha item type
    Dewey Decimal Classification     MEDICAL SGT Medical Library SGT Medical Library Text Book 08/06/2019 SGTU   616.07 P16G FM11393 08/06/2019 08/06/2019 Books
    Dewey Decimal Classification     MEDICAL SGT Medical Library SGT Medical Library Text Book 08/06/2019 SGTU   616.07 P16G FM11394 08/06/2019 08/06/2019 Books